• 首页
  • 本馆介绍
  • 公告通知
  • 最新文献
  • 馆藏检索
  • 电子资源
  • 读者导购
  • 参考咨询
  • 我的图书馆
  • 登录
  • 详细信息显示
  • 放入我的书架
  • 预约/预借图书
  • 作者相关作品
  • 分类相关作品
  • 丛书相关作品
  • 出版社相关作品

书目信息

  • 表格格式
  • 工作单格式
  • 卡片格式
题名:
魔力星图
    
 
作者: 罗格斯塔德 , 摩尔 著 ;杨振宇 译
分册:  
出版信息: 北京   人民邮电出版社  2018.07
页数: 96页
开本: 26cm
丛书名:
单 册:
中图分类: P151-49
科图分类:
主题词: 星座--普及读物
电子资源:
ISBN: 978-7-115-48235-8
000 01274nam0 2200277 450
001 150
005 20180921095119.22
010    @a978-7-115-48235-8@dCNY49.00
100    @a20180819d2018 em y0chiy50 ea
101 1  @achi@ceng
102    @aCN@b110000
105    @aa z 000yy
200 1  @a魔力星图@9mo li xing tu@e手绘连线,描绘神奇星座@dStargazing dot-to-dot@econnect the stars and draw over 300 wonderful constellations@f(美)艾米·罗格斯塔德(Amy Rogstad),(英)加雷思·摩尔(Gareth Moore)著@g杨振宇译@zeng
210    @a北京@c人民邮电出版社@d2018.07
215    @a96页@d26cm
300    @a两江中国原生辅导计划项目
330    @a本书是天文学家和艺术家通力合作的结晶,提供了数十幅精心设计的星图。根据书中的文字指引,你可以通过简单的连线描绘出具体的星座图形,还可以充分发挥想象力创造出专属于个人的绚烂星图。
510 1  @aStargazing dot-to-dot@econnect the stars and draw over 300 wonderful constellations@zeng
517 1  @a手绘连线,描绘神奇星座@9shou hui lian xian,miao hui shen qi xing zuo
606 0  @a星座@j普及读物
690    @aP151-49@v5
701  0 @c(美)@a罗格斯塔德@9luo ge si ta de@c(Rogstad, Amy)@4著
701  0 @c(英)@a摩尔@9mo er@c(Moore, Gareth)@4著
702  0 @a杨振宇@9yang zhen yu@4译
801  0 @aCN@b91MARC@c20180819
905    @aMuseLib@dP151-49@e236
    
    魔力星图:手绘连线,描绘神奇星座=Stargazing dot-to-dot:connect the stars and draw over 300 wonderful constellations/(美)艾米·罗格斯塔德(Amy Rogstad),(英)加雷思·摩尔(Gareth Moore)著/杨振宇译.-北京:人民邮电出版社,2018.07
    96页;26cm
    两江中国原生辅导计划项目
    
    ISBN 978-7-115-48235-8:CNY49.00
    本书是天文学家和艺术家通力合作的结晶,提供了数十幅精心设计的星图。根据书中的文字指引,你可以通过简单的连线描绘出具体的星座图形,还可以充分发挥想象力创造出专属于个人的绚烂星图。
●
相关链接 在E读中查询图书 在五车中查询图书 在当当中查询图书 在豆瓣中查询图书


正题名:魔力星图     索取号:P151-49/236         预约/预借

序号 登录号 条形码 馆藏地/架位号 状态 备注
1 1118464   211184644   第二样本阅览室/ [索取号:P151-49/236] 在馆    
2 1118465   211184653   第三借阅区/ [索取号:P151-49/236] 在馆    
3 1118466   211184662   第三借阅区/ [索取号:P151-49/236] 在馆    
4 1118467   211184671   第三借阅区/ [索取号:P151-49/236] 在馆    
5 1118468   211184680   第三借阅区/ [索取号:P151-49/236] 在馆    
唐山师范学院图书馆 欢迎您!
大连网信软件有限公司© 版权所有